[Event "ROM-ch U14"]
[Site "Calimanesti Caciulata"]
[Date "2016.04.19"]
[Round "2"]
[White "Cojocaru, Vlad Gabriel"]
[Black "Unguroiu, Victor Stefan"]
[Result "1-0"]
[WhiteElo "1001"]
[BlackElo "1439"]
[PlyCount "97"]
[EventDate "2016.04.18"]
[EventType "swiss"]
[EventRounds "9"]
[EventCountry "ROU"]
[SourceTitle "CBM 172 Extra"]
[Source "ChessBase"]
[SourceDate "2016.06.21"]
[SourceVersion "1"]
[SourceVersionDate "2016.06.21"]
[SourceQuality "1"]

1. d4 d5 2. c4 c6 3. Nf3 Bg4 4. e3 Nd7 5. Be2 Bxf3 6. Bxf3 Ngf6 7. Bd2 e5 8. Nc3 e4 9. Bg4 Bd6 10. Bxd7+ Qxd7 11. c5 Bc7 12. 0-0 b6 13. b4 0-0 14. Qe2 Qg4 15. Qxg4 Nxg4 16. h3 Nf6 17. Rfe1 Kh8 18. Rad1 Rg8 19. b5 bxc5 20. dxc5 g5 21. bxc6 g4 22. h4 Rac8 23. Nb5 Bb8 24. Bc3 Kg7 25. Rxd5 h6 26. Rf5 Rxc6 27. Nd6 Bxd6 28. Rxf6 Bh2+ 29. Kxh2 Rxf6 30. Bxf6+ Kxf6 31. Rc1 Rc8 32. Kg3 Kf5 33. f3 gxf3 34. gxf3 exf3 35. Kxf3 Rc6 36. Rc4 Kg6 37. Ke4 Kf6 38. Kd5 Re6 39. Re4 Ra6 40. c6 Rxa2 41. c7 Rc2 42. Rc4 Rxc4 43. Kxc4 Kg6 44. c8Q Kh5 45. Qb7 Kxh4 46. Qxa7 f5 47. Qf7 Kg5 48. Qg7+ Kh5 49. Kd5 1-0

[Event "ROM-ch U14"]
[Site "Calimanesti"]
[Date "2015.03.31"]
[Round "2"]
[White "Kelemen, Norbert1111"]
[Black "Unguroiu, Victor Stefan"]
[Result "1-0"]
[WhiteElo "1522"]
[BlackElo "1093"]
[PlyCount "111"]
[EventDate "2015.03.30"]
[EventType "swiss"]
[EventRounds "9"]
[EventCountry "ROU"]
[SourceTitle "CBM 165 Extra"]
[Source "ChessBase"]
[SourceDate "2015.04.21"]
[SourceVersion "1"]
[SourceVersionDate "2015.04.21"]
[SourceQuality "1"]

1. e4 e5 2. Nf3 Nc6 3. d4 d5 4. Nxe5 Nxe5 5. dxe5 Bc5 6. Qxd5 Qxd5 7. exd5 Bf5 8. Bb5+ Bd7 9. Bxd7+ Kxd7 10. c3 Re8 11. Bf4 Bd6 12. 0-0 Bxe5 13. Be3 a6 14. Na3 Nf6 15. Rfd1 Ng4 16. g3 Nxe3 17. fxe3 Bd6 18. Nc2 Bc5 19. Re1 c6 20. dxc6+ Kxc6 21. Nd4+ Bxd4 22. exd4 Kd5 23. Kf2 Kc4 24. Rxe8 Rxe8 25. Re1 Rxe1 26. Kxe1 Kd5 27. Ke2 h5 28. h4 f6 29. Kd3 b5 30. b3 g5 31. c4+ bxc4+ 32. bxc4+ Kd6 33. Ke4 gxh4 34. gxh4 Kc6 35. Kf5 Kd6 36. Kxf6 a5 37. Kg5 a4 38. a3 Ke6 39. Kxh5 Kf5 40. d5 Ke5 41. Kg4 Kd4 42. d6 Kc3 43. d7 Kb3 44. d8Q Kxa3 45. Qd2 Kb3 46. c5 a3 47. c6 a2 48. Qxa2+ Kxa2 49. c7 Kb3 50. c8Q Kb4 51. h5 Kb5 52. h6 Kb6 53. h7 Kb5 54. h8Q Kb4 55. Qb2+ Ka5 56. Qa8# 1-0